000 00715nam a22002417a 4500
999 _c4148
_d4148
003 URS
005 20220117120202.0
008 180508s2007 ph ||||| |||| 00| 0 fil d
020 _a9789712348679
040 _erda
_cURS
_beng
050 _aB 161.F5
_b.T481 2007
100 _aTimbreza, Florentino T.
245 _aTatlong pandaigdigang pananaw sa pilosopiya /
_cFlorentino T. Timbreza.
264 1 _aManila :
_bRex Book Store,
_c[2007]
264 1 _c©2007
300 _axi, 143 pages ;
_c23 cm
336 _atext
_btxt
_2rdacontent
337 _aunmediated
_bn
_2rdamedia
338 _avolume
_bnc
_2rdacarrier
500 _aInclude references and indexes.
650 0 _aPananaw sa pilosopiya.
942 _2lcc
_cF